000 00343cam a22001097a 4500
008 180718b1983 xxu||||| |||| 00| 0 eng d
082 _aG2x5453 P886
245 _aTwenty five years of Kerala legislature
_cedited by R. Prasannan
260 _aTrivandrum
_bSecretariat of the Kerala Legislature
_c1983
300 _a312+p.
700 _aPrasannan, R.
999 _c490789
_d490789